000 00572cam a22002053a 4500
001 35778
003 PGUSA
005 20140828083753.0
008 110406s2011||||xxu|||||s|||||000 | eng d
040 _aPGUSA
_beng
042 _adc
100 1 _aHamilton, John Arthur
245 1 4 _aThe MS. in a Red Box
_h[electronic resource] /
_cJohn Arthur Hamilton
260 _bProject Gutenberg,
_c2011
506 _aPublic domain in the USA.
516 _aElectronic text
830 0 _aProject Gutenberg
_v35778
856 4 0 _uhttp://www.gutenberg.org/ebooks/35778
942 _cEB
999 _c265033
_d265033